| 000 | 00655nam a2200193 i 4500 | ||
|---|---|---|---|
| 001 | 32128 | ||
| 003 | ES-MaACL | ||
| 005 | 20251009150840.0 | ||
| 007 | t| | ||
| 008 | 030224s1892 sp ||||1| spa d | ||
| 100 | 1 |
_aPaliza, Manuel de la. _988561 |
|
| 245 | 1 | 3 |
_aLa cuestión social y económica en España / _cpor Manuel de la Paliza, Apolinar de Rato, Evaristo Casariego. |
| 260 |
_aMadrid : _b[s.n.], _c1892 ( _fTip. de Manuel Ginés Hernández) |
||
| 300 | _a90 p. | ||
| 700 | 1 |
_aRato y Hevia de Argüelles, Apolinar de, _dca. 1830-1894 _995532 |
|
| 700 | 1 |
_aCasariego, Evaristo. _936175 |
|
| 852 |
_aES-MaACL _jT-609-F-5 |
||
| 999 |
_c32128 _d32128 |
||